FIFA-Welttrainer des Jahres - Statistiken

Allgemein
  • Dieses Quiz wurde 661 mal gespielt
    325 seit der letzten Aktualisierung
  • Das Durchschnittsergebnis liegt bei 11 aus 14
Antwortstatistiken
Jahr Mannschaft Nationalität Trainer % Korrekt
2019 FC Liverpool Deutschland Jürgen Klopp
100%
2020 FC Liverpool Deutschland Jürgen Klopp
100%
2011 FC Barcelona Spanien Pep Guardiola
99%
2023 Manchester City Spanien Pep Guardiola
99%
2017 Real Madrid Frankreich Zinédine Zidane
97%
2021 FC Chelsea Deutschland Thomas Tuchel
96%
2014 Deutschland Deutschland Joachim Löw
93%
2013 FC Bayern München Deutschland Jupp Heynckes
89%
2010 Inter Mailand / Real Madrid Portugal José Mourinho
88%
2018 Frankreich Frankreich Didier Deschamps
69%
2015 FC Barcelona Spanien Luis Enrique
63%
2012 Spanien Spanien Vicente del Bosque
49%
2016 Leicester City Italien Claudio Ranieri
38%
2022 Argentinien Argentinien Lionel Scaloni
31%
Keine übereinstimmenden Quizze gefunden
Verteilung der Resultate
Anzahl Personen mit jedem Resultat
Perzentil nach korrekt beantworteten Fragen
Ihre Resultats-Entwicklung
Sie haben dieses Quiz seit der letzten Aktualisierung nicht gespielt